Départements français + chef-lieu + numéros dans l'ordre - Statistiques

Statistiques générales
  • Ce quiz a été pris 276 fois
  • Le résultat moyen est 58 sur 101
Statistiques - réponses
Région Numéro + département + chef-lieu % Correct
Auvergne Rhône-Alpes 01 Ain Bourg-en-Bresse
89%
Provence-Alpes-Côte-d'Azur 06 Alpes-Maritimes Nice
85%
Provence-Alpes-Côte-d'Azur 13 Bouches-du-Rhône Marseille
84%
Hauts-de-France 02 Aisne Laon
82%
Auvergne Rhône-Alpes 07 Ardèche Privas
78%
Normandie 14 Calvados Caen
78%
Nouvelle-Aquitaine 17 Charente-Maritime La Rochelle
78%
Auvergne Rhône-Alpes 03 Allier Moulins
76%
Provence-Alpes-Côte-d'Azur 05 Hautes-Alpes Gap
76%
Bourgogne Franche-Comté 21 Côte d'Or Dijon
75%
Corse 2A Corse-du-Sud Ajaccio
75%
Provence-Alpes-Côte-d'Azur 04 Alpes de Haute-Provence Digne-les-Bains
74%
Bretagne 29 Finistère Quimper
74%
Corse 2B Haute-Corse Bastia
73%
Nouvelle-Aquitaine 33 Gironde Bordeaux
73%
Auvergne Rhône-Alpes 38 Isère Grenoble
73%
Bretagne 22 Côtes d'Armor Saint-Brieuc
72%
Occitanie 12 Aveyron Rodez
71%
Auvergne Rhône-Alpes 26 Drôme Valence
71%
Occitanie 34 Hérault Montpellier
71%
Bretagne 35 Ille-et-Vilaine Rennes
71%
Pays-de-la-Loire 44 Loire-Atlantique Nantes
71%
Nouvelle-Aquitaine 16 Charente Angoulême
70%
Hauts-de-France 59 Nord Lille
70%
Grand-Est 10 Aube Troyes
69%
Ile-de-France 75 Paris Paris
69%
Occitanie 09 Ariège Foix
68%
Occitanie 11 Aude Carcassonne
68%
Nouvelle-Aquitaine 19 Corrèze Tulle
68%
Occitanie 30 Gard Nîmes
68%
Auvergne Rhône-Alpes 69 Rhône Lyon
68%
Grand-Est 08 Ardennes Charleville-Mézières
67%
Auvergne Rhône-Alpes 42 Loire Saint-Étienne
66%
Normandie 50 Manche Saint-Lô
66%
Auvergne Rhône-Alpes 15 Cantal Aurillac
65%
Occitanie 31 Haute-Garonne Toulouse
65%
Grand-Est 67 Bas-Rhin Strasbourg
65%
Centre Val-de-Loire 18 Cher Bourges
63%
Centre Val-de-Loire 45 Loiret Orléans
62%
Grand-Est 68 Haut-Rhin Colmar
61%
Auvergne Rhône-Alpes 74 Haute-Savoie Annecy
61%
Auvergne Rhône-Alpes 43 Haute-Loire Le Puy-en-Velay
60%
Pays-de-la-Loire 49 Maine-et-Loire Angers
60%
Bretagne 56 Morbihan Vannes
60%
Auvergne Rhône-Alpes 63 Puy-de-Dôme Clermont-Ferrand
60%
Auvergne Rhône-Alpes 73 Savoie Chambéry
60%
Bourgogne Franche-Comté 25 Doubs Besançon
59%
Hauts-de-France 62 Pas-de-Calais Arras
58%
Nouvelle-Aquitaine 64 Pyrénées-Atlantiques Pau
58%
Occitanie 66 Pyrénées Orientales Perpignan
58%
Nouvelle-Aquitaine 24 Dordogne Périgueux
58%
Normandie 27 Eure Évreux
57%
Normandie 76 Seine-Maritime Rouen
57%
Centre Val-de-Loire 28 Eure-et-Loir Chartres
55%
Occitanie 65 Hautes-Pyrénées Tarbes
55%
Centre Val-de-Loire 37 Indre-et-Loire Tours
54%
Occitanie 48 Lozère Mende
54%
Nouvelle-Aquitaine 23 Creuse Guéret
53%
Bourgogne Franche-Comté 39 Jura Lons-le-Saunier
53%
Nouvelle-Aquitaine 40 Landes Mont-de-Marsan
53%
Hauts-de-France 60 Oise Beauvais
53%
Ile-de-France 78 Yvelines Versailles
53%
Provence-Alpes-Côte-d'Azur 83 Var Toulon
52%
Centre Val-de-Loire 36 Indre Châteauroux
51%
Pays-de-la-Loire 53 Mayenne Laval
51%
Pays-de-la-Loire 72 Sarthe Le Mans
51%
Occitanie 32 Gers Auch
50%
Provence-Alpes-Côte-d'Azur 84 Vaucluse Avignon
50%
Occitanie 46 Lot Cahors
49%
Normandie 61 Orne Alençon
49%
Pays-de-la-Loire 85 Vendée La Roche-sur-Yon
49%
Grand-Est 57 Moselle Metz
48%
Bourgogne Franche-Comté 90 Territoire-de-Belfort Belfort
48%
Centre Val-de-Loire 41 Loir-et-Cher Blois
47%
Grand-Est 54 Meurthe-et-Moselle Nancy
47%
Nouvelle-Aquitaine 47 Lot-et-Garonne Agen
46%
Bourgogne Franche-Comté 58 Nièvre Nevers
45%
Hauts-de-France 80 Somme Amiens
45%
Nouvelle-Aquitaine 86 Vienne Poitiers
45%
Ile-de-France 77 Seine-et-Marne Melun
44%
Grand-Est 51 Marne Châlons-en-Champagne
42%
Nouvelle-Aquitaine 79 Deux-Sèvres Niort
42%
Nouvelle-Aquitaine 87 Haute-Vienne Limoges
42%
Bourgogne Franche-Comté 71 Saône-et-Loire Mâcon
41%
Occitanie 82 Tarn-et-Garonne Montauban
41%
Grand-Est 88 Vosges Épinal
41%
Occitanie 81 Tarn Albi
40%
Ile-de-France 92 Hauts-de-Seine Nanterre
40%
Grand-Est 52 Haute-Marne Chaumont
39%
Bourgogne Franche-Comté 89 Yonne Auxerre
39%
Ile-de-France 91 Essonne Évry-Courcouronnes
38%
Grand-Est 55 Meuse Bar-le-Duc
37%
Ile-de-France 93 Seine-Saint-Denis Bobigny
37%
Ile-de-France 94 Val-de-Marne Créteil
37%
Bourgogne Franche-Comté 70 Haute-Saône Vesoul
35%
Outre-Mer 973 Guyane Cayenne
35%
Ile-de-France 95 Val-d'Oise Pontoise
34%
Outre-Mer 972 Martinique Fort-de-France
34%
Outre-Mer 974 La Réunion Saint-Denis
34%
Outre-Mer 971 Guadeloupe Basse-Terre
32%
Outre-Mer 976 Mayotte Mamoudzou
32%
Aucun quiz correspondant
Distribution des résultats
% des personnes avec chaque résultat
Percentile par nombre de réponses
Votre historique - résultats
Vous n’avez pas pris ce quiz